| 000 | 00558nam a22001817a 4500 | ||
|---|---|---|---|
| 999 |
_c8975 _d8975 |
||
| 008 | 210308b ||||| |||| 00| 0 eng d | ||
| 040 | _aBMS College of Architecture | ||
| 100 | _aYoganand, Spurthy | ||
| 245 | _aNative village anamayam Hannemaradu Sagara | ||
| 300 | _a109p. | ||
| 500 | _a1BM08AT060 | ||
| 502 |
_8B.Arch _NBMS College of Architecture, Visvesvaraya Technological University (VTU) _aProject report _d2013 |
||
| 650 | _aSagara | ||
| 650 | _aHannemaradu | ||
| 700 |
_aVassem A S _eGuide |
||
| 700 |
_aSathish S Rao _eGuide |
||
| 942 |
_2ddc _cTHE |
||